[Event "RACC ch"]
[Site "Ottawa CAN"]
[Date "2001.02.01"]
[Round "5"]
[White "Pacey, Kevin"]
[Black "De Kerpel, Stijn"]
[Result "0-1"]
[WhiteElo "2333"]
[BlackElo "2150"]
[PlyCount "216"]
[GameId "2160767911618917"]
[EventDate "2001.01.04"]
[EventType "swiss"]
[EventRounds "7"]
[EventCountry "CAN"]

1. e4 c5 2. Nf3 d6 3. d4 cxd4 4. Qxd4 a6 5. c4 Nc6 6. Qd2 g6 7. Nc3 Bg7 8. Be2 Nf6 9. O-O O-O 10. Rd1 Qc7 11. Qe1 Bg4 12. Bg5 e6 13. Rac1 Bxf3 14. Bxf3 Ne5 15. Be2 Rac8 16. Qd2 Rfd8 17. Qf4 Qe7 18. b3 Rc6 19. Qh4 Ned7 20. e5 Nxe5 21. Ne4 Ned7 22. Bf3 d5 23. Nc3 Ne5 24. cxd5 Nxf3+ 25. gxf3 Rxc3 26. Rxc3 h6 27. Bxh6 Bxh6 28. d6 Qf8 29. Rc4 Nd5 30. Qg3 Bg7 31. Rdc1 Qxd6 32. Rc8 Qxg3+ 33. hxg3 Rxc8 34. Rxc8+ Kh7 35. Rb8 b6 36. Rb7 Kg8 37. Rb8+ Bf8 38. Kf1 Kg7 39. Ke2 a5 40. f4 Bc5 41. a4 Nb4 42. Rd8 Kf6 43. Rd7 Nc6 44. g4 Nd4+ 45. Kd3 Nxb3 46. g5+ Kg7 47. Kc3 Nc1 48. Kc4 Ne2 49. f3 Nxf4 50. Rd2 Nd5 51. Kb5 Nc3+ 52. Kc4 Nd5 53. Kb5 Be3 54. Rg2 f6 55. gxf6+ Kxf6 56. Rg4 g5 57. Rc4 Ke5 58. Kc6 Bf4 59. Kd7 Kf5 60. Rc2 Nb4 61. Rc8 e5 62. Rf8+ Kg6 63. Rb8 Be3 64. Ke6 e4 65. fxe4 Nc6 66. Rg8+ Kh5 67. e5 Kg4 68. Kf6 Kf3 69. e6 Bc5 70. Kxg5 Ke4 71. Kf6 Kd5 72. Rg2 Bd4+ 73. Kf5 Ne7+ 74. Kf4 Kxe6 75. Ke4 Bc5 76. Kd3 Kd5 77. Rg5+ Kc6 78. Kc4 Nc8 79. Rg8 Nd6+ 80. Kb3 Bb4 81. Rg6 Kd5 82. Rg5+ Ke4 83. Rg6 Kf5 84. Rh6 Bc5 85. Rh4 Ke5 86. Rh5+ Kd4 87. Rh1 Kd5 88. Rh5+ Kc6 89. Rh6 b5 90. axb5+ Kxb5 91. Rh4 Nf5 92. Rh8 a4+ 93. Ka2 Nd6 94. Rb8+ Kc4 95. Ra8 Kb4 96. Rh8 Nb5 97. Rh4+ Bd4 98. Rg4 a3 99. Rh4 Kc4 100. Rg4 Kb4 101. Rh4 Nc3+ 102. Ka1 Ne2+ 103. Kb1 Kb3 104. Rh3+ Bc3 105. Rxc3+ Nxc3+ 106. Ka1 Nb5 107. Kb1 Nd4 108. Ka1 Nc2+ 0-1

[Event "RACC ch"]
[Site "Ottawa CAN"]
[Date "2001.02.08"]
[Round "6"]
[White "Pacey, Kevin"]
[Black "Palsson, Halldor"]
[Result "1-0"]
[WhiteElo "2342"]
[BlackElo "2178"]
[PlyCount "117"]
[GameId "2160767911618918"]
[EventDate "2001.01.04"]
[EventType "swiss"]
[EventRounds "7"]
[EventCountry "CAN"]

1. e4 e6 2. d4 d5 3. Nc3 Bb4 4. e5 Ne7 5. a3 Bxc3+ 6. bxc3 c5 7. Nf3 Nbc6 8. Be2 Qa5 9. O-O Bd7 10. Rb1 b6 11. dxc5 Qxc5 12. Rb5 Qxb5 13. Bxb5 Nxe5 14. Bxd7+ Nxd7 15. c4 O-O 16. cxd5 Nxd5 17. c4 N5f6 18. Bb2 Rac8 19. Qd4 Rc5 20. Qh4 Rfc8 21. Bxf6 Nxf6 22. Rd1 h6 23. h3 Rxc4 24. Rd8+ Rxd8 25. Qxc4 Rd1+ 26. Kh2 Rd5 27. Qc6 Ra5 28. Qc8+ Kh7 29. Qf8 Rf5 30. Qe7 a5 31. Qc7 Nd5 32. Qc2 Kg8 33. Nd4 Rf4 34. Nb5 Rf5 35. Nd6 Rf6 36. Ne4 Rf4 37. g3 Rf3 38. Qc8+ Kh7 39. Qe8 Kg6 40. a4 Nf6 41. Nxf6 Rxf2+ 42. Kg1 Rxf6 43. Qb5 Rf5 44. Qxb6 Kf6 45. Qd4+ Kg6 46. Qe4 Kf6 47. h4 h5 48. Kg2 g5 49. g4 hxg4 50. h5 Rf4 51. Qc2 Kg7 52. Qc3+ f6 53. Qxa5 Kh6 54. Qb5 Kxh5 55. Qe8+ Kh6 56. Qxe6 Rxa4 57. Qxf6+ Kh7 58. Qe7+ Kh6 59. Qe6+ 1-0

[Event "RACC ch"]
[Site "Ottawa CAN"]
[Date "2001.02.15"]
[Round "7"]
[White "Patterson, Roger"]
[Black "Pacey, Kevin"]
[Result "1/2-1/2"]
[WhiteElo "2290"]
[BlackElo "2342"]
[PlyCount "89"]
[GameId "2160767911618919"]
[EventDate "2001.01.04"]
[EventType "swiss"]
[EventRounds "7"]
[EventCountry "CAN"]

1. e4 e6 2. d4 d5 3. Nc3 Bb4 4. e5 c5 5. a3 Ba5 6. b4 cxd4 7. Nb5 Bc7 8. f4 Ne7 9. Nf3 Nbc6 10. Bb2 a6 11. Nbxd4 Bb6 12. c4 dxc4 13. Nxc6 bxc6 14. Qxd8+ Bxd8 15. Bxc4 Nf5 16. Ke2 Bb6 17. Bd3 Ne3 18. g3 Bb7 19. Rhc1 Rd8 20. Nd2 Ke7 21. Ne4 Nf5 22. Nc5 Bxc5 23. Rxc5 Rd7 24. Rd1 Rhd8 25. Bc2 Rxd1 26. Bxd1 Rd5 27. Rxd5 exd5 28. g4 Nh4 29. Bd4 f5 30. exf6+ gxf6 31. f5 Ng2 32. Kf2 Nf4 33. Bc2 Nh3+ 34. Kg3 Ng5 35. h4 Nf7 36. Kf4 h6 37. Bd3 Bc8 38. Be2 Bb7 39. Bc5+ Ke8 40. Ke3 Bc8 41. Kf4 Bb7 42. Bd3 Bc8 43. Bf1 Bb7 44. Be2 Bc8 45. Bd4 1/2-1/2

[Event "RACC-ch"]
[Site "Ottawa CAN"]
[Date "2001.??.??"]
[Round "4"]
[White "Kirby, Patrick"]
[Black "Djerkovic, Miladin"]
[Result "1-0"]
[WhiteElo "2067"]
[BlackElo "2291"]
[PlyCount "91"]
[GameId "2160767911485205"]
[EventDate "2001.09.21"]
[EventType "swiss"]
[EventRounds "7"]
[EventCountry "CAN"]

1. d4 Nf6 2. c4 e6 3. Nc3 Bb4 4. e3 b6 5. Nge2 Ba6 6. Ng3 O-O 7. Bd3 Bxc3+ 8. bxc3 Nc6 9. O-O Na5 10. Qe2 d5 11. cxd5 Bxd3 12. Qxd3 exd5 13. f3 Qd7 14. e4 Qc6 15. Bg5 h6 16. Bxf6 Qxf6 17. exd5 Rfd8 18. Qf5 Qxf5 19. Nxf5 Nc4 20. Rfe1 Kf8 21. Ne7 Re8 22. Nf5 Rad8 23. Rxe8+ Rxe8 24. Kf2 Rd8 25. g4 Rxd5 26. h4 Rb5 27. Ke2 Rb2+ 28. Kd3 Nd6 29. Nxd6 cxd6 30. Kc4 Rf2 31. Re1 Rxa2 32. Kd5 Rc2 33. Kxd6 Rxc3 34. Kd7 g6 35. d5 Rxf3 36. d6 Rg3 37. Re4 f5 38. Rf4 Kf7 39. gxf5 Kf6 40. fxg6+ Ke5 41. Rf1 Rxg6 42. Rd1 Kf4 43. Kc7 b5 44. d7 Rg7 45. Kc6 Rg6+ 46. Kc5 1-0

[Event "Rodgers mem"]
[Site "Ottawa CAN"]
[Date "2001.09.13"]
[Round "1"]
[White "Pacey, Kevin"]
[Black "Moisseev, Dmitri"]
[Result "1-0"]
[WhiteElo "2303"]
[BlackElo "1905"]
[PlyCount "87"]
[GameId "2160767911485281"]
[EventDate "2001.09.13"]
[EventType "swiss"]
[EventRounds "7"]
[EventCountry "CAN"]

1. e4 e5 2. Nf3 Nc6 3. Bc4 Be7 4. d4 exd4 5. Nxd4 Nf6 6. Nxc6 dxc6 7. Qxd8+ Bxd8 8. Nc3 a5 9. Bf4 b5 10. Bd3 Nh5 11. Be3 Bf6 12. O-O Bxc3 13. bxc3 O-O 14. e5 g6 15. Be4 Ra6 16. Rfd1 Ng7 17. Rd2 Re8 18. Rad1 Ne6 19. f3 Kg7 20. Bf2 h6 21. Bh4 g5 22. Bf2 Nf4 23. Rd8 Rxd8 24. Rxd8 Be6 25. Bc5 Ng6 26. a3 Nxe5 27. Bf8+ Kf6 28. Bxh6 Ke7 29. Rh8 g4 30. fxg4 Nxg4 31. Bg5+ Kd6 32. Bf4+ Kd7 33. h3 Nf6 34. Bg5 Ne8 35. h4 c5 36. h5 b4 37. cxb4 axb4 38. axb4 cxb4 39. h6 Ra5 40. Rxe8 Kxe8 41. h7 Rxg5 42. h8=Q+ Ke7 43. Qb8 c5 44. Qc7+ 1-0

[Event "Rodgers mem"]
[Site "Ottawa CAN"]
[Date "2001.09.13"]
[Round "1"]
[White "Veltmann, Alfred"]
[Black "Palsson, Halldor"]
[Result "0-1"]
[WhiteElo "1814"]
[BlackElo "2161"]
[PlyCount "52"]
[GameId "2160767911485282"]
[EventDate "2001.09.13"]
[EventType "swiss"]
[EventRounds "7"]
[EventCountry "CAN"]

1. e4 e6 2. d4 d5 3. Nd2 Nf6 4. e5 Nfd7 5. Bd3 c5 6. c3 Nc6 7. Ndf3 f6 8. exf6 Nxf6 9. Ne2 Bd6 10. dxc5 Bxc5 11. b4 Bd6 12. Bb2 O-O 13. h3 e5 14. Bb5 e4 15. Nfd4 Ne5 16. Nf4 e3 17. Nfe6 exf2+ 18. Kf1 Ne4 19. g3 Nxg3+ 20. Kg2 Qh4 21. Nxf8 Qe4+ 22. Kxf2 Bg4 23. hxg4 Nxh1+ 24. Qxh1 Rxf8+ 25. Kg1 Qe3+ 26. Kg2 Rf2+ 0-1

[Event "Rodgers mem"]
[Site "Ottawa CAN"]
[Date "2001.09.20"]
[Round "2"]
[White "Glew, Richard"]
[Black "Pacey, Kevin"]
[Result "0-1"]
[WhiteElo "1939"]
[BlackElo "2311"]
[PlyCount "56"]
[GameId "2160767911485283"]
[EventDate "2001.09.13"]
[EventType "swiss"]
[EventRounds "7"]
[EventCountry "CAN"]

1. e4 e5 2. Nf3 Nc6 3. Bb5 a6 4. Ba4 Nf6 5. O-O Be7 6. d4 exd4 7. e5 Ne4 8. Bb3 Nc5 9. Bd5 O-O 10. c3 dxc3 11. Nxc3 d6 12. Re1 Nxe5 13. Nxe5 dxe5 14. Rxe5 c6 15. Bf3 Nd3 16. Rxe7 Qxe7 17. Qxd3 Bf5 18. Qe3 Qd7 19. Qg5 Qd3 20. Be3 Bg6 21. h4 Qc2 22. h5 Qxb2 23. Rc1 f6 24. Qg4 Bd3 25. Bh6 Rf7 26. Ne4 f5 27. Qg5 fxe4 28. Bxe4 Qxf2+ 0-1

[Event "Rodgers mem"]
[Site "Ottawa CAN"]
[Date "2001.09.20"]
[Round "2"]
[White "Smilovici, Emil"]
[Black "Veltmann, Alfred"]
[Result "1/2-1/2"]
[WhiteElo "1971"]
[BlackElo "1814"]
[PlyCount "76"]
[GameId "2160767911485284"]
[EventDate "2001.09.13"]
[EventType "swiss"]
[EventRounds "7"]
[EventCountry "CAN"]

1. e4 e5 2. Nf3 Nc6 3. Bb5 a6 4. Bxc6 dxc6 5. O-O Bg4 6. h3 h5 7. d3 Qf6 8. Re1 Bxf3 9. Qxf3 Qxf3 10. gxf3 Bd6 11. Be3 Ne7 12. Nd2 O-O-O 13. Kh2 f5 14. Bg5 Rde8 15. Bxe7 Rxe7 16. Rg1 Rf7 17. Rg6 Bc5 18. Kg2 f4 19. Rg1 Be7 20. Kf1 Bf6 21. Ke2 Rd8 22. Nb3 b6 23. a4 Rfd7 24. Rd1 Rd6 25. c3 Kb7 26. Rgg1 Kc8 27. Rd2 Kb7 28. Rgd1 c5 29. c4 a5 30. Rg1 R8d7 31. Rdd1 Rd8 32. Rg6 R8d7 33. Nc1 Rd8 34. Na2 R8d7 35. Nc3 c6 36. Na2 Rd8 37. Nc3 R8d7 38. b3 Rd8 1/2-1/2

[Event "Rodgers mem"]
[Site "Ottawa CAN"]
[Date "2001.09.27"]
[Round "3"]
[White "Pacey, Kevin"]
[Black "Gelblum, Robert"]
[Result "1-0"]
[WhiteElo "2317"]
[BlackElo "2183"]
[PlyCount "95"]
[GameId "2160767911485285"]
[EventDate "2001.09.13"]
[EventType "swiss"]
[EventRounds "7"]
[EventCountry "CAN"]

1. Nf3 Nf6 2. g3 g6 3. Bg2 Bg7 4. O-O O-O 5. c4 c5 6. Nc3 Nc6 7. d4 cxd4 8. Nxd4 Nxd4 9. Qxd4 d6 10. Qd3 a6 11. Bg5 Rb8 12. c5 dxc5 13. Qxd8 Rxd8 14. Bf4 Ra8 15. Rad1 Re8 16. Na4 Bg4 17. Bxb7 Bxe2 18. Bxa8 Rxa8 19. Nxc5 Nh5 20. Bg5 Bxd1 21. Rxd1 Bxb2 22. Bxe7 a5 23. Rd8+ Rxd8 24. Bxd8 Bc3 25. a4 Nf6 26. Nb7 Ne4 27. Bb6 Kf8 28. Nxa5 Ke8 29. Nc4 Kd7 30. Kf1 Kc6 31. Ke2 Bf6 32. Kd3 Nc3 33. a5 Nd5 34. Bd4 Nb4+ 35. Ke4 Bd8 36. Ne5+ Kb5 37. Nxf7 Bxa5 38. Ng5 h6 39. Nf7 Nc6 40. Be3 h5 41. Nh8 Ne7 42. Ke5 Bc3+ 43. Ke6 Nf5 44. Nxg6 Nxe3 45. fxe3 Kc4 46. Nf4 h4 47. gxh4 Bd2 48. Nd5 1-0

[Event "Rodgers mem"]
[Site "Ottawa CAN"]
[Date "2001.09.27"]
[Round "3"]
[White "Veltmann, Alfred"]
[Black "Litchfield, Gerry"]
[Result "1/2-1/2"]
[WhiteElo "1814"]
[BlackElo "1838"]
[PlyCount "103"]
[GameId "2160767911485286"]
[EventDate "2001.09.13"]
[EventType "swiss"]
[EventRounds "7"]
[EventCountry "CAN"]

1. e4 e5 2. Nf3 d6 3. Bc4 Be7 4. Nc3 Nf6 5. d4 Nbd7 6. Bg5 O-O 7. O-O c6 8. a4 Re8 9. Qd2 Qc7 10. Bb3 Nf8 11. h3 Be6 12. d5 Bd7 13. Rfd1 c5 14. Bc4 a6 15. Rdb1 Ng6 16. Kh2 Nh5 17. Ne2 Bxg5 18. Qxg5 Nf6 19. Qe3 b5 20. axb5 axb5 21. Ba2 Ra6 22. b4 cxb4 23. Bb3 Rea8 24. Rxa6 Rxa6 25. Ne1 Ra3 26. Nd3 Qa5 27. f3 h6 28. Qd2 Nh5 29. Qxb4 Qxb4 30. Nxb4 Nhf4 31. Ng1 Ne7 32. g3 Nfg6 33. Rb2 Kf8 34. Ra2 Rxa2 35. Bxa2 Ke8 36. Ne2 Kd8 37. c4 Kc7 38. Nc3 Kb6 39. cxb5 Bxb5 40. Nxb5 Kxb5 41. Nd3 f6 42. Bb3 Nf8 43. f4 Nd7 44. Bc2 Nc5 45. Nf2 Kc4 46. Kg2 Kc3 47. Bd1 Kd4 48. Kf3 h5 49. f5 g6 50. g4 hxg4+ 51. hxg4 gxf5 52. gxf5 1/2-1/2

[Event "Rodgers mem"]
[Site "Ottawa CAN"]
[Date "2001.10.04"]
[Round "4"]
[White "Voloaca, Mihnea"]
[Black "Pacey, Kevin"]
[Result "0-1"]
[WhiteElo "2315"]
[BlackElo "2317"]
[PlyCount "72"]
[GameId "2160767911485287"]
[EventDate "2001.09.13"]
[EventType "swiss"]
[EventRounds "7"]
[EventCountry "CAN"]

1. d4 e6 2. c4 f5 3. g3 Nf6 4. Bg2 d5 5. Nh3 c6 6. O-O Be7 7. b3 O-O 8. Ba3 Bxa3 9. Nxa3 Kh8 10. Qc1 Qe7 11. Qb2 Nbd7 12. Rad1 b6 13. b4 Bb7 14. b5 c5 15. Nc2 Ne4 16. dxc5 bxc5 17. cxd5 exd5 18. Nf4 Nb6 19. e3 Rad8 20. Ne1 Na4 21. Qa1 Nac3 22. Rc1 Nxb5 23. Ned3 c4 24. Ne5 Rf6 25. Nf3 Re8 26. a4 Nbd6 27. Rcd1 c3 28. Rxd5 g5 29. Re5 Qf7 30. Rxe8+ Nxe8 31. Ne2 Qc4 32. Nfd4 Ba6 33. Rc1 Rb6 34. Nxf5 Qxe2 35. Bxe4 Rb2 36. Rf1 Qxf1+ 0-1

[Event "Rodgers mem"]
[Site "Ottawa CAN"]
[Date "2001.10.11"]
[Round "5"]
[White "Handelman, Michael"]
[Black "Pacey, Kevin"]
[Result "0-1"]
[WhiteElo "1964"]
[BlackElo "2317"]
[PlyCount "106"]
[GameId "2160767911485288"]
[EventDate "2001.09.13"]
[EventType "swiss"]
[EventRounds "7"]
[EventCountry "CAN"]

1. d4 Nf6 2. c4 g6 3. g3 Bg7 4. Bg2 d5 5. cxd5 Nxd5 6. e4 Nb4 7. a3 N4c6 8. d5 Nd4 9. Be3 c5 10. Nc3 O-O 11. Nf3 Bg4 12. h3 Bxf3 13. Bxf3 Qb6 14. Bxd4 cxd4 15. Na4 Qd6 16. Rc1 Nd7 17. b4 Bh6 18. Rc2 Qa6 19. Nc5 Nxc5 20. bxc5 d3 21. Ra2 d2+ 22. Rxd2 Qa5 23. e5 Rac8 24. Bg2 Rxc5 25. f4 Rc3 26. Kf2 Qc5+ 27. Rd4 Rc2+ 28. Kf3 Qxa3+ 29. Rd3 Qb2 30. Bf1 Rf2+ 31. Ke3 g5 32. Be2 Rg2 33. Kf3 Rxe2 34. Qxe2 Qb4 35. Qe4 Qb2 36. Qd4 Qa2 37. d6 exd6 38. exd6 Re8 39. Re3 Rxe3+ 40. Kxe3 Bg7 41. Qe4 Qa3+ 42. Qd3 Qc5+ 43. Ke2 Bd4 44. d7 Qd5 45. d8=Q+ Qxd8 46. Qe4 Bc3 47. Rd1 Qb6 48. Qe8+ Kg7 49. Rd7 Qb5+ 50. Kf3 Qf1+ 51. Kg4 h5+ 52. Kf5 Qb5+ 53. Ke4 Qe2+ 0-1

[Event "Rodgers mem"]
[Site "Ottawa CAN"]
[Date "2001.10.11"]
[Round "5"]
[White "Palsson, Halldor"]
[Black "Veltmann, Alfred"]
[Result "1-0"]
[WhiteElo "2161"]
[BlackElo "1814"]
[PlyCount "75"]
[GameId "2160767911485289"]
[EventDate "2001.09.13"]
[EventType "swiss"]
[EventRounds "7"]
[EventCountry "CAN"]

1. d4 Nf6 2. c4 g6 3. Nc3 d5 4. cxd5 Nxd5 5. e4 Nxc3 6. bxc3 Bg7 7. Nf3 O-O 8. Rb1 c5 9. Be2 b6 10. Bg5 h6 11. Be3 cxd4 12. cxd4 Nc6 13. O-O Bb7 14. Qd2 Kh7 15. Rbd1 Qd6 16. d5 Na5 17. Bf4 Qd8 18. h4 Rc8 19. Rc1 Qd7 20. Ne5 Bxe5 21. Bxe5 Ba8 22. Bc3 Nb7 23. Qd4 Rg8 24. e5 Nc5 25. Bf3 e6 26. d6 Bd5 27. a3 Nb3 28. Qe3 Nxc1 29. Rxc1 Qa4 30. Bd2 Rxc1+ 31. Bxc1 g5 32. Bh5 Qd7 33. Qd3+ Kh8 34. hxg5 Bxg2 35. Kxg2 Qc6+ 36. Qf3 Qe8 37. Qf6+ Rg7 38. Bxf7 1-0

[Event "Rodgers mem"]
[Site "Ottawa CAN"]
[Date "2001.10.18"]
[Round "6"]
[White "Veltmann, Alfred"]
[Black "Chyurlia, Jerome"]
[Result "1/2-1/2"]
[WhiteElo "1814"]
[BlackElo "1654"]
[PlyCount "119"]
[GameId "2160767911485290"]
[EventDate "2001.09.13"]
[EventType "swiss"]
[EventRounds "7"]
[EventCountry "CAN"]

1. e4 e6 2. d4 d5 3. Nd2 dxe4 4. Nxe4 Nd7 5. Nf3 Ngf6 6. Bd3 h6 7. b3 b6 8. Bb2 Bb7 9. Ng3 Be7 10. c4 O-O 11. O-O c5 12. Ne5 cxd4 13. Bxd4 Nc5 14. Re1 Nxd3 15. Qxd3 Bd6 16. Re2 Rc8 17. f3 Bc5 18. Bf2 Qc7 19. Bxc5 Qxc5+ 20. Qe3 Qxe3+ 21. Rxe3 Rfd8 22. Rd3 Rxd3 23. Nxd3 Rd8 24. Rd1 Kf8 25. Kf2 Ke7 26. Nb2 Rxd1 27. Nxd1 Kd6 28. Ke3 Kc5 29. a3 b5 30. cxb5 Kxb5 31. Nc3+ Kc5 32. Nge4+ Nxe4 33. fxe4 f6 34. g3 e5 35. Na4+ Kd6 36. b4 g6 37. Nc5 Bc8 38. Nd3 Bd7 39. Nb2 Be6 40. Nd1 Kc6 41. Kd3 f5 42. Nc3 a6 43. a4 g5 44. b5+ axb5 45. Nxb5 f4 46. Nc3 f3 47. Ke3 g4 48. Nd1 Kb6 49. Nf2 h5 50. Nd3 Ka5 51. Nxe5 Kxa4 52. Nd3 Kb5 53. Nf4 Bf7 54. h3 Kc4 55. hxg4 hxg4 56. Nd3 Be6 57. Ne5+ Kc5 58. Nxf3 gxf3 59. Kxf3 Kd4 60. Kf4 1/2-1/2

[Event "Rodgers mem"]
[Site "Ottawa CAN"]
[Date "2001.10.25"]
[Round "7"]
[White "De Kerpel, Stijn"]
[Black "Pacey, Kevin"]
[Result "0-1"]
[WhiteElo "2162"]
[BlackElo "2317"]
[PlyCount "56"]
[GameId "2160767911485291"]
[EventDate "2001.09.13"]
[EventType "swiss"]
[EventRounds "7"]
[EventCountry "CAN"]

1. c4 f5 2. g3 Nf6 3. Bg2 g6 4. Nc3 Bg7 5. d3 Nc6 6. Nf3 O-O 7. O-O d6 8. Rb1 Ng4 9. h3 Nge5 10. Nxe5 dxe5 11. f4 exf4 12. gxf4 e5 13. Nd5 e4 14. Kh2 Re8 15. e3 Be6 16. dxe4 fxe4 17. Bxe4 Bxh3 18. Bg2 Bf5 19. Ra1 Qh4+ 20. Kg1 Rad8 21. Qb3 Nd4 22. exd4 Re2 23. Be3 Rxg2+ 24. Kxg2 Be4+ 25. Rf3 Qg4+ 26. Kf1 Qxf3+ 27. Bf2 Qh1+ 28. Bg1 Qg2+ 0-1

[Event "Rodgers mem"]
[Site "Ottawa CAN"]
[Date "2001.10.25"]
[Round "7"]
[White "Palsson, Halldor"]
[Black "Veltmann, Alfred"]
[Result "1-0"]
[WhiteElo "2161"]
[BlackElo "1814"]
[PlyCount "87"]
[GameId "2160767911485292"]
[EventDate "2001.09.13"]
[EventType "swiss"]
[EventRounds "7"]
[EventCountry "CAN"]

1. d4 Nf6 2. c4 g6 3. Nc3 Bg7 4. e4 d6 5. f3 O-O 6. Be3 b6 7. Bd3 Bb7 8. Qd2 c5 9. d5 e5 10. dxe6 fxe6 11. Nge2 d5 12. cxd5 exd5 13. exd5 Bxd5 14. O-O-O Bf7 15. Bg5 Nc6 16. Qf4 Nd4 17. Kb1 Ne6 18. Qh4 Nxg5 19. Qxg5 Nd5 20. Qc1 Nxc3+ 21. Nxc3 Qh4 22. g3 Qb4 23. f4 Bxc3 24. Qxc3 Qxc3 25. bxc3 Rad8 26. Rhe1 Rfe8 27. Bb5 Rxd1+ 28. Rxd1 Re7 29. a4 c4 30. Rd2 Be6 31. Kb2 Kf7 32. Ka3 Rc7 33. Rd4 Ke7 34. a5 Rc5 35. Kb4 a6 36. Bxa6 Rxa5 37. Bxc4 Bd7 38. Rd5 Ra1 39. Re5+ Kd6 40. Bg8 Rb1+ 41. Ka3 h5 42. Rg5 Bf5 43. Bf7 Rc1 44. Bxg6 1-0

[Event "Scarborough CC Active"]
[Site "Scarborough CAN"]
[Date "2001.02.17"]
[Round "1"]
[White "Armstrong, Robert J"]
[Black "Veltmann, Martin"]
[Result "1-0"]
[WhiteElo "1686"]
[BlackElo "2118"]
[PlyCount "55"]
[GameId "2160767911610443"]
[EventDate "2001.02.17"]
[EventType "swiss (rapid)"]
[EventRounds "6"]
[EventCountry "CAN"]

1. d4 Nf6 2. c4 g6 3. Nc3 Bg7 4. e4 O-O 5. f3 d6 6. Be3 Nc6 7. Qd2 e5 8. d5 Nd4 9. Bxd4 exd4 10. Nce2 Re8 11. O-O-O c5 12. g4 h5 13. h4 hxg4 14. Bg2 Qb6 15. Ng3 d3 16. b3 Qa6 17. Kb1 Qa3 18. h5 gxf3 19. Bxf3 Bg4 20. hxg6 fxg6 21. Rh2 Bxf3 22. Nxf3 Nxe4 23. Nxe4 Rxe4 24. Re1 Rae8 25. Rxe4 Rxe4 26. Qxd3 Rg4 27. Qe3 Rg3 28. Qe6+ 1-0

[Event "Scarborough CC Active"]
[Site "Scarborough CAN"]
[Date "2001.02.17"]
[Round "2"]
[White "Veltmann, Martin"]
[Black "Garel, Rick"]
[Result "1-0"]
[WhiteElo "2118"]
[BlackElo "1803"]
[PlyCount "89"]
[GameId "2160767911610444"]
[EventDate "2001.02.17"]
[EventType "swiss (rapid)"]
[EventRounds "6"]
[EventCountry "CAN"]

1. Nf3 e6 2. g3 b6 3. Bg2 Bb7 4. O-O Nf6 5. d3 d5 6. Nbd2 Bd6 7. Re1 O-O 8. e4 dxe4 9. dxe4 Ng4 10. Nb3 Bb4 11. Bd2 Bxd2 12. Nbxd2 Qf6 13. c3 Nc6 14. h3 Nge5 15. Nxe5 Qxe5 16. Nf3 Qb5 17. Qc2 h6 18. Rad1 Rad8 19. Nd4 Nxd4 20. cxd4 c5 21. d5 exd5 22. exd5 Rfe8 23. Rxe8+ Qxe8 24. Qd2 Rd6 25. Kh2 Qe5 26. Re1 Qf6 27. b3 Kh7 28. h4 g6 29. Rd1 Bc8 30. Qe3 Bb7 31. Rd2 a5 32. Qe8 Rd8 33. Qe2 Rd6 34. h5 g5 35. Qg4 Ba6 36. Qe4+ Kg7 37. Qe8 Rd8 38. Qe4 Rd6 39. f4 gxf4 40. gxf4 Qh4+ 41. Bh3 Bc8 42. Rg2+ Kf8 43. Qe5 Qxh3+ 44. Kg1 Qxg2+ 45. Kxg2 1-0

[Event "Scarborough CC Active"]
[Site "Scarborough CAN"]
[Date "2001.02.17"]
[Round "3"]
[White "Vujosevic, Smilja"]
[Black "Veltmann, Martin"]
[Result "0-1"]
[WhiteElo "1804"]
[BlackElo "2118"]
[PlyCount "78"]
[GameId "2160767911610445"]
[EventDate "2001.02.17"]
[EventType "swiss (rapid)"]
[EventRounds "6"]
[EventCountry "CAN"]

1. d4 Nf6 2. Nf3 g6 3. c4 Bg7 4. Nc3 O-O 5. e3 d6 6. Bd3 Nbd7 7. O-O e5 8. Bc2 c6 9. h3 Qe7 10. Rb1 Re8 11. b3 e4 12. Nd2 d5 13. cxd5 cxd5 14. Nb5 Nf8 15. a4 Be6 16. Ba3 Qd7 17. Nc3 Bxh3 18. gxh3 Qxh3 19. Bd6 Rad8 20. Bg3 Nh5 21. Ne2 Ne6 22. Nxe4 f5 23. Nd2 f4 24. Nxf4 Nexf4 25. exf4 Nxg3 26. fxg3 Bxd4+ 27. Rf2 Qxg3+ 28. Kh1 Qxf2 29. Nf3 Re2 30. Qf1 Rxc2 31. Qxf2 Bxf2 32. Kg2 Be3+ 33. Kg3 d4 34. Rd1 d3 35. Ne5 d2 36. Nc4 Rxc4 37. bxc4 g5 38. fxg5 Bxg5 39. Kf3 Rd4 0-1

[Event "Scarborough CC Active"]
[Site "Scarborough CAN"]
[Date "2001.02.17"]
[Round "4"]
[White "Veltmann, Martin"]
[Black "Tobolovsky, Evgeni"]
[Result "1-0"]
[WhiteElo "2118"]
[BlackElo "1903"]
[PlyCount "48"]
[GameId "2160767911610446"]
[EventDate "2001.02.17"]
[EventType "swiss (rapid)"]
[EventRounds "6"]
[EventCountry "CAN"]

1. c4 e6 2. Nc3 Nf6 3. Nf3 d5 4. d4 Be7 5. Bf4 O-O 6. e3 c5 7. Qc2 Nc6 8. dxc5 Bxc5 9. a3 Qe7 10. O-O-O e5 11. Bg5 e4 12. Nxd5 Qe6 13. Bxf6 gxf6 14. Qxe4 Kg7 15. Qh4 Bd6 16. Bd3 h6 17. g4 Ne5 18. Nd4 Nxd3+ 19. Rxd3 Qe4 20. Qxf6+ Kh7 21. Rhd1 Be5 22. g5 Bxf6 23. Nxf6+ Kg6 24. Nxe4 hxg5 1-0

[Event "Scarborough CC Active"]
[Site "Scarborough CAN"]
[Date "2001.02.17"]
[Round "5"]
[White "Veltmann, Martin"]
[Black "Lamb, Bryan"]
[Result "0-1"]
[WhiteElo "2118"]
[BlackElo "1989"]
[PlyCount "55"]
[GameId "2160767911610447"]
[EventDate "2001.02.17"]
[EventType "swiss (rapid)"]
[EventRounds "6"]
[EventCountry "CAN"]

1. c4 Nf6 2. Nc3 g6 3. g3 Bg7 4. Bg2 O-O 5. Nf3 c5 6. O-O d5 7. cxd5 Nxd5 8. d4 Nxc3 9. bxc3 Nc6 10. Be3 Be6 11. Qd2 Qa5 12. Rab1 Rad8 13. Rfd1 Bd5 14. Bh6 cxd4 15. Bxg7 Kxg7 16. cxd4 Qxd2 17. Rxd2 Bxf3 18. exf3 Nxd4 19. Kf1 b6 20. f4 Ne6 21. Re2 Rd4 22. Bh3 Kf6 23. Rc1 Nc5 24. Rc3 Rfd8 25. Kg2 Rd2 26. Ree3 Rxa2 27. f5 Rdd2 28. Rf3 0-1

[Event "Scarborough CC Active"]
[Site "Scarborough CAN"]
[Date "2001.02.17"]
[Round "6"]
[White "Verma, Tony"]
[Black "Veltmann, Martin"]
[Result "1-0"]
[WhiteElo "1815"]
[BlackElo "2118"]
[PlyCount "60"]
[GameId "2160767911610448"]
[EventDate "2001.02.17"]
[EventType "swiss (rapid)"]
[EventRounds "6"]
[EventCountry "CAN"]

1. d4 Nf6 2. g3 g6 3. Bg2 Bg7 4. c3 O-O 5. Nf3 d6 6. O-O c6 7. Re1 Nbd7 8. Bf4 Re8 9. e4 Nh5 10. Be3 e5 11. d5 c5 12. c4 Rf8 13. Nc3 Ndf6 14. h3 Kh8 15. Qd2 Ng8 16. Rab1 f5 17. Ng5 f4 18. gxf4 exf4 19. Bxc5 dxc5 20. Nf3 Nh6 21. e5 Nf5 22. Ne4 Nh4 23. e6 Nxf3+ 24. Bxf3 Bd4 25. b4 b6 26. Bg4 Nf6 27. Ng5 Qc7 28. e7 Re8 29. d6 Nxg4 30. dxc7 Nxf2 1-0

[Event "Simcoe Day ch"]
[Site "Toronto CAN"]
[Date "2001.08.04"]
[Round "1"]
[White "Beaudry, Lukas"]
[Black "Hurley, Paul"]
[Result "1/2-1/2"]
[WhiteElo "1945"]
[BlackElo "2184"]
[PlyCount "99"]
[GameId "2160767911555312"]
[EventDate "2001.08.04"]
[EventType "swiss"]
[EventRounds "6"]
[EventCountry "CAN"]

1. e4 e6 2. d4 d5 3. Nd2 Nf6 4. e5 Nfd7 5. Bd3 c5 6. c3 Nc6 7. Ne2 Qb6 8. Nf3 cxd4 9. cxd4 Bb4+ 10. Bd2 O-O 11. Bc3 f6 12. exf6 Nxf6 13. O-O Kh8 14. Qd2 Bd7 15. Ng3 Bxc3 16. bxc3 Rac8 17. Rfe1 Qc7 18. Rac1 Na5 19. Ne5 b5 20. Qg5 Be8 21. Ne2 Nc4 22. Nf4 Qb6 23. Bxc4 bxc4 24. Nxe6 Rg8 25. f3 Rb8 26. Qd2 Nd7 27. Ng5 Nxe5 28. Rxe5 Qb2 29. Rc2 Qa1+ 30. Re1 Rb1 31. Rxb1 Qxb1+ 32. Rc1 Qb6 33. Re1 Bg6 34. Qe3 h6 35. Nh3 Re8 36. Qd2 Rxe1+ 37. Qxe1 Qb2 38. Nf4 Bd3 39. Nxd5 Qxa2 40. Qe8+ Kh7 41. Ne7 Qb1+ 42. Kf2 Qf1+ 43. Kg3 Qe1+ 44. Kh3 Qe6+ 45. Kg3 a5 46. h3 a4 47. d5 Qe5+ 48. Kf2 Qe2+ 49. Kg3 Qe5+ 50. Kf2 1/2-1/2